[Event "Nuremberg Zabo op 23rd"]
[Site "Nuremberg"]
[Date "2023.09.16"]
[Round "3"]
[White "Savchuk, Yuriy"]
[Black "Ratushna, Olha"]
[Result "1-0"]
[WhiteElo "1835"]
[BlackElo "1287"]
[PlyCount "93"]
[EventDate "2023.09.15"]
[EventType "swiss"]
[EventRounds "5"]
[EventCountry "GER"]
[SourceTitle "EXT 2024"]
[Source "ChessBase"]
[SourceDate "2023.10.10"]
[SourceVersion "1"]
[SourceVersionDate "2023.10.10"]
[SourceQuality "1"]

1. e4 e5 2. d4 exd4 3. c3 dxc3 4. Bc4 cxb2 5. Bxb2 Nf6 6. e5 Bb4+ 7. Nd2 Ne4 8. Ngf3 Nxd2 9. Nxd2 0-0 10. 0-0 d5 11. Bd3 Bh3 12. Qh5 h6 13. Qxh3 Bxd2 14. f4 d4 15. Qf5 Be3+ 16. Kh1 g6 17. Qh3 Nc6 18. e6 Qf6 19. Qxe3 dxe3 20. Bxf6 fxe6 21. Bh4 Kg7 22. Rab1 Rad8 23. Bxd8 Rxd8 24. Rxb7 Rxd3 25. Rxc7+ Kf6 26. Rxc6 e2 27. Re1 Rd1 28. Rc1 Rd2 29. Kg1 Kf5 30. Kf2 Kxf4 31. Rxe2 Rxe2+ 32. Kxe2 g5 33. Rc7 g4 34. Rxa7 h5 35. g3+ Kg5 36. Ra5+ Kf6 37. Rxh5 e5 38. a4 Ke6 39. a5 Kd6 40. a6 Kc6 41. Rxe5 Kb6 42. Kd3 Ka7 43. Kc4 Ka8 44. Re7 Kb8 45. Kc5 Ka8 46. Kb6 Kb8 47. Re8# 1-0

[Event "Mittelfranken-chTB2b 1920"]
[Site "Mittelfranken"]
[Date "2020.02.16"]
[Round "6.7"]
[White "Savchuk, Yuriy"]
[Black "Stolpynskyy, Mark"]
[Result "1-0"]
[WhiteElo "1747"]
[BlackElo "1947"]
[PlyCount "35"]
[EventDate "2019.10.13"]
[EventType "team-tourn"]
[EventRounds "9"]
[EventCountry "GER"]
[SourceTitle "EXT 2023"]
[Source "ChessBase"]
[SourceDate "2022.10.05"]
[SourceVersion "1"]
[SourceVersionDate "2022.10.05"]
[SourceQuality "1"]
[WhiteTeam "Uttenreuth"]
[BlackTeam "Nuernberg Sued SW III"]
[WhiteTeamCountry "GER"]
[BlackTeamCountry "GER"]

1. e4 c6 2. d4 d5 3. e5 Bf5 4. h4 h5 5. Bg5 Qb6 6. Bd3 Bxd3 7. Qxd3 Qxb2 8. e6 Qxa1 9. Qb3 Qxd4 10. Be3 Qe5 11. Qxb7 fxe6 12. Qc8+ Kf7 13. Nf3 Qf5 14. Ng5+ Kg6 15. Qe8+ Kf6 16. Qxf8+ Kg6 17. Qe8+ Kf6 18. Bd4+ 1-0